so it goes... - taylor swift - Statistics

General Stats
  • This quiz has been taken 24 times
  • The average score is 335 of 371
Answer Stats
lyrics % Correct
a
100%
all
100%
and
100%
back
100%
but
100%
cut
100%
dark
100%
do
100%
eyes
100%
i
100%
in
100%
into
100%
it
100%
little
100%
me
100%
me,
100%
my
100%
on
100%
pieces
100%
see
100%
so
100%
so,
100%
the
100%
we
100%
you
100%
you,
100%
your
100%
alone,
92%
caught
92%
everyone
92%
face
92%
fall
92%
feel
92%
get
92%
goes
92%
it's
92%
lipstick
92%
make
92%
moment
92%
not
92%
place
92%
right
92%
simple
92%
to
92%
us
92%
when
92%
against
85%
baby,
85%
bad
85%
can
85%
disappear,
85%
down
85%
getting
85%
girl
85%
gone
85%
i'm
85%
keep
85%
know
85%
lose
85%
magician
85%
things
85%
up
85%
wall
85%
with
85%
you're
85%
yours
85%
cage,
77%
'cause
77%
counting?
77%
did
77%
feelings
77%
got
77%
honestly,
77%
illusionist
77%
met
77%
now
77%
number
77%
one
77%
three
77%
trippin'
77%
two
77%
who's
77%
breakdown
69%
chill,
69%
clear
69%
days
69%
gold
69%
grey
69%
heart
69%
hostage
69%
jealous
69%
like
69%
scratches
69%
skippin'
69%
wear
69%
what
69%
bar
62%
black
54%
come
54%
dressed
54%
here,
54%
necklace
54%
trip-trippin'
31%
skip-skippin'
23%
No matching quizzes found
Score Distribution
Percent of People with Each Score
Percentile by Number Answered
Your Score History
You have not taken this quiz